000 00356nam a2200133Ia 4500
008 240624s9999 xx 000 0 und d
041 _aeng
082 _a302.35 BHA
100 _aBHATTACHARYYA DIPAK KUMAR
245 _aORGANIZATIONAL CHANGE AND DEVELOPMENT
260 _c2011
_aNew Delhi
_bOxford University Press
300 _a580 : p.
365 _cRS
_b32
999 _c17501
_d17501